<?xml version="1.0" encoding="UTF-8"?>
<record
    xmlns:xsi="http://www.w3.org/2001/XMLSchema-instance"
    xsi:schemaLocation="http://www.loc.gov/MARC21/slim http://www.loc.gov/standards/marcxml/schema/MARC21slim.xsd"
    xmlns="http://www.loc.gov/MARC21/slim">

  <leader>01723nam a2200409 i 4500</leader>
  <controlfield tag="001">193602</controlfield>
  <controlfield tag="003">SpMaBN</controlfield>
  <controlfield tag="005">20250522202112.0</controlfield>
  <controlfield tag="007">ta</controlfield>
  <controlfield tag="008">180618s2016    sp a   | |||| 000 0bspa  </controlfield>
  <datafield tag="017" ind1=" " ind2=" ">
    <subfield code="a">PO 143-2016</subfield>
    <subfield code="b">Oficina Dep&#xF3;sito Legal Pontevedra</subfield>
  </datafield>
  <datafield tag="035" ind1=" " ind2=" ">
    <subfield code="a">(OCoLC)1055849705</subfield>
  </datafield>
  <datafield tag="040" ind1=" " ind2=" ">
    <subfield code="a">SpMaBN</subfield>
    <subfield code="b">spa</subfield>
    <subfield code="c">SpMaBN</subfield>
    <subfield code="e">rdc</subfield>
  </datafield>
  <datafield tag="080" ind1=" " ind2=" ">
    <subfield code="a">929 Valle-Incl&#xE1;n, Ram&#xF3;n del</subfield>
  </datafield>
  <datafield tag="080" ind1=" " ind2=" ">
    <subfield code="a">821.134.2-992"19"</subfield>
  </datafield>
  <datafield tag="080" ind1=" " ind2=" ">
    <subfield code="a">913(460.115-28 Saln&#xE9;s)</subfield>
  </datafield>
  <datafield tag="100" ind1="1" ind2=" ">
    <subfield code="a">Charl&#xED;n P&#xE9;rez, Francisco X.,</subfield>
    <subfield code="d">1963-</subfield>
    <subfield code="4">aut</subfield>
    <subfield code="0">XX4812517</subfield>
    <subfield code="9">234908</subfield>
    <subfield code="e">aut</subfield>
  </datafield>
  <datafield tag="245" ind1="1" ind2="3">
    <subfield code="a">El pasajero :</subfield>
    <subfield code="b">cuaderno de viaje por el Saln&#xE9;s de Valle-Incl&#xE1;n /</subfield>
    <subfield code="c">Francisco X. Charl&#xED;n P&#xE9;rez</subfield>
  </datafield>
  <datafield tag="264" ind1=" " ind2=" ">
    <subfield code="a">Vilanova de Arousa, (Pontevedra) :</subfield>
    <subfield code="b">Asociaci&#xF3;n de Amigos de Valle-Incl&#xE1;n,</subfield>
    <subfield code="c">2016</subfield>
  </datafield>
  <datafield tag="300" ind1=" " ind2=" ">
    <subfield code="a">286 p&#xE1;ginas :</subfield>
    <subfield code="b">ilustraciones (blanco y negro y color), 1 mapa (color) ;</subfield>
    <subfield code="c">20 cm</subfield>
  </datafield>
  <datafield tag="336" ind1=" " ind2=" ">
    <subfield code="a">Texto (visual)</subfield>
    <subfield code="2">isbdcontent</subfield>
  </datafield>
  <datafield tag="337" ind1=" " ind2=" ">
    <subfield code="a">sin mediaci&#xF3;n</subfield>
    <subfield code="2">isbdmedia</subfield>
  </datafield>
  <datafield tag="338" ind1=" " ind2=" ">
    <subfield code="2">rdacarrier</subfield>
    <subfield code="a">volumen</subfield>
  </datafield>
  <datafield tag="500" ind1=" " ind2=" ">
    <subfield code="a">&#xCD;ndice</subfield>
  </datafield>
  <datafield tag="504" ind1=" " ind2=" ">
    <subfield code="a">Bibliograf&#xED;a: p&#xE1;ginas 269-286</subfield>
  </datafield>
  <datafield tag="520" ind1=" " ind2=" ">
    <subfield code="a">Cuaderno de viaje por el Saln&#xE9;s de Valle-Incl&#xE1;n.</subfield>
  </datafield>
  <datafield tag="600" ind1="1" ind2="4">
    <subfield code="a">Valle-Incl&#xE1;n, Ram&#xF3;n del, </subfield>
    <subfield code="d">1866-1936-</subfield>
    <subfield code="x">Viviendas y lugares frecuentados</subfield>
    <subfield code="9">175714</subfield>
  </datafield>
  <datafield tag="650" ind1=" " ind2="0">
    <subfield code="a">Rutas literarias-</subfield>
    <subfield code="z">Galicia</subfield>
    <subfield code="2">embne</subfield>
    <subfield code="9">234909</subfield>
  </datafield>
  <datafield tag="651" ind1=" " ind2="7">
    <subfield code="a">Pontevedra (Provincia)-</subfield>
    <subfield code="x">Descripci&#xF3;n</subfield>
    <subfield code="9">153500</subfield>
  </datafield>
  <datafield tag="852" ind1=" " ind2=" ">
    <subfield code="a">ES-MaACL</subfield>
    <subfield code="b">R. 154895</subfield>
    <subfield code="c">DEPOJ</subfield>
    <subfield code="j">N-9608</subfield>
    <subfield code="h">Donaci&#xF3;n: Editorial </subfield>
    <subfield code="9">201064</subfield>
    <subfield code="x">Encuadernaci&#xF3;n r&#xFA;stica con solapas</subfield>
  </datafield>
  <datafield tag="942" ind1=" " ind2=" ">
    <subfield code="n">0</subfield>
    <subfield code="c">MONOGRAFIA</subfield>
  </datafield>
  <datafield tag="999" ind1=" " ind2=" ">
    <subfield code="c">193602</subfield>
    <subfield code="d">193602</subfield>
  </datafield>
  <datafield tag="952" ind1=" " ind2=" ">
    <subfield code="0">0</subfield>
    <subfield code="1">0</subfield>
    <subfield code="2">udc</subfield>
    <subfield code="4">0</subfield>
    <subfield code="7">0</subfield>
    <subfield code="a">ATENEOM</subfield>
    <subfield code="b">ATENEOM</subfield>
    <subfield code="c">DEPOJ</subfield>
    <subfield code="d">2024-01-18</subfield>
    <subfield code="e">DONACION</subfield>
    <subfield code="l">0</subfield>
    <subfield code="o">N-9608</subfield>
    <subfield code="p">101206342</subfield>
    <subfield code="r">2024-01-18 00:00:00</subfield>
    <subfield code="y">MONOGRAFIA</subfield>
  </datafield>
</record>
